000 00387nam a2200157Ia 4500
008 230917s9999||||xx |||||||||||||| ||und||
020 _cRS300
040 _e24530
_aMAIN
041 _aEnglish
082 _a954.01 D536S
100 _aDhar, M K
245 0 _aSocial and economic history of ancient India
260 _aDelhi
_bS S Publishers
_c1991
300 _av, 279 p.
942 _cBK
999 _c69793
_d69793